LEADER 01613nam a2200349 i 4500 001 000000173791 003 CaOOAMICUS 005 20211026151609.0 008 080801s2007 it u000 u ita u 013 $a151245 020 $a88-95051-03-3 040 $aSeMil$bita 100 1 $aQuaiani, Massimo.$0(OLS)http://semarc/name/64926 245 10$aVisioni del Celeste Impero :$bl'immagine della Cina nella cartografia occidentale /$cMassimo Quaiani, Michele Castelnovi. 264 1$aGenova :$bIl Portolano,$c2007. 264 1$aTrento :$bCentro Studi Martino Martini,$c2007. 300 $a179 p. :$briccamente ill. ;$c23x23 cm. 490 1 $aOrsa Minore ;$v3 541 0 $aOmaggio card. Dionigi Tettamanzi (4Y IV 93) 650 4$aCartografia - Cina - Rappresentazione occidentale.$0(OLS)http://semarc/subject/33119 650 4$aCina - Cartografia.$0(OLS)http://semarc/subject/33120 700 1 $aCastelnovi, Michele.$0(OLS)http://semarc/name/64927 830 0$aOrsa minore ;$v3.$0(OLS)http://semarc/title/30429 850 $aSeMil 852 $aSeMil$W1$xVenegono$y1$m4Y IV 93$j124636$B124636$CSeMilBibl$Z2$F136130 $81 941 1 $a5 961 $aOmaggio: Tettamanzi Card. Dionigi 996 $6020$a88-95051-03-3$9(OLS)http://semarc/number/161548 996 $6245$aVisioni del Celeste Impero :$bl'immagine della Cina nella cartografia occidentale$9(OLS)http://semarc/title/249040 996 $6264$aTrento :$bCentro Studi Martino Martini$9(OLS)http://semarc/publisher/35223 996 $6264$aGenova :$bIl Portolano$9(OLS)http://semarc/publisher/35222 LEADER 00715nam a2200193 i 4500 001 000000092912 003 CaOOAMICUS 005 20240405162706.0 008 180830s1936 xx u000 u und u 040 $aSeMil$bita 100 1 $aChesterton, Gilbert Keith,$d<1874-1936>.$0(OLS)http://semarc/name/15565 245 13$aLe avventure d'un uomo vivo /$cGilbert Keith Chesterton. 260 $aMilano :$bGarzanti,$c1936. 300 $a290 p. 850 $aSeMil 852 $aSeMil$W1$xVenegono$y1$m60 55 1 *$j55734$B55734$CSeMilBibl$Z2$F60513 $81 996 $6245$aLe avventure d'un uomo vivo$9(OLS)http://semarc/title/139019 996 $6260$aMilano :$bGarzanti$9(OLS)http://semarc/publisher/29852